Normal view MARC view
  • Shinde S (2k3139)

Entry Personal Name

Number of records used in: 1

001 - CONTROL NUMBER

  • control field: 101963

003 - CONTROL NUMBER IDENTIFIER

  • control field: OSt

005 - DATE AND TIME OF LATEST TRANSACTION

  • control field: 20221007215906.0

008 - FIXED-LENGTH DATA ELEMENTS

  • fixed length control field: 221007|| aca||aabn | a|a d

040 ## - CATALOGING SOURCE

  • Original cataloging agency: OSt
  • Transcribing agency: OSt

100 ## - HEADING--PERSONAL NAME

  • Personal name: Shinde S (2k3139)

670 ## - SOURCE DATA FOUND

  • Source citation: Work cat.: (OSt)69118: Shinde S (2k3139), Brand Tracking of Johnson's Baby Soap, 2005